Prime Ministers of Jamaica by Picture - Statistics

General Stats
  • This quiz has been taken 18 times
  • The average score is 8 of 10
Answer Stats
Picture Hint Answer % Correct
1972-1980 | 1989-1992 Michael Manley
100%
1955-1962 Norman Manley
100%
2011-2012 | 2016-Present Andrew Holness
92%
1967 Donald Sangster
85%
1980-1989 Edward Seaga
85%
1992-2006 P. J. Patterson
77%
2006-2007 | 2012-2016 Portia Simpson-Miller
77%
1953-1955 | 1962-1967 Alexander Bustamante
69%
2007-2011 Bruce Golding
69%
1967-1972 Hugh Shearer
62%
No matching quizzes found
Score Distribution
Percent of People with Each Score
Percentile by Number Answered
Your Score History
You have not taken this quiz